000 00968 a2200193 4500
003 Nust
005 20170207154049.0
020 _a0-415-14484-1 ;
040 _cNust
082 _a330.155
100 _a Peter Groenewegen
245 0 0 _aEconomics and ethics? (E-Book)
_c Peter Groenewegen
260 _aLondon :
_bRoutledge,
_c1996
300 _a188 s.
505 _aIntroduction (Page-1) Ethics And Economics: An Economist’s View (Page-15) Ethics And Economics: A Philosopher’s View (Page-34) From Divine Corporation To A System Of Justice: Adventures In Individual Motivation And Social Outcome, With Hutcheson, Hume And Smith (Page-46) The Economists Approach To Ethics: A Late Twentieth Century View (Page-103) O Tempora, o mores! Economics as the ethos Of our times (Page-157) Morality And The Culture Of The Market (Page-173)
650 4 _aEconomics
_xethics
_xconference proceedings
650 4 _aEkonomi
_xEtik
700 1 _aGroenewegen, Peter D.,
_d1939-
_4edt
942 _2ddc
_cBK
999 _c193028
_d193028